000 01426nab a2200217 i 4500
001 768714001
003 CO-MdFUSB
005 20240523155119.0
008 240523t1974 sp ||||| |||| 00| 0 spa d
040 _bspa
_cCO-MdFUSB
_dCO-MdFUSB
041 _aspa
100 _aVidales, Raúl,
_eautor
245 _aLogros y tareas de la teología latinoamericana
_c/ Raúl Vidales
520 _aEs difícil poder fijar una localización cronológica del movimiento teológico de la liberación. Su origen y evolución han sido complejos y todavía no existe un estudio suficientemente crítico al cual podamos atenernos. Dentro del proceso de la reflexión teológica de la liberación, las formulaciones se van mostrando cada vez más explícitas a partir de 1965. Pero es en el encuentro de CELAM, en Medellín (1968), donde la teología de la liberación adquiere su carta de ciudadanía. Si no puede afirmarse que nace en esta ocasión, sí es del todo necesario subrayar no sólo la acogida oficial, sino el impulso que recibió el futuro movimiento y quehacer teológico en la perspectiva de liberación.
650 7 _aTeología de la liberación
_9449
650 0 _aSalvación
_948
650 7 _aEscatología
_9213
773 0 _049450
_982676
_oR2586
_tRevista internacional de teología Concilium
_w(CO-MdFUSB)8
_x0210-1041
_gVolumen 96, (junio , 1974), páginas: 423 - 430
_qpáginas: 423
942 _cANA
945 _ac
999 _c69884
_d69884